Normal view
MARC view
Entry Geographic Name
001 - CONTROL NUMBER
- control field: 29382
003 - CONTROL NUMBER IDENTIFIER
- control field: dpl
005 - DATE AND TIME OF LATEST TRANSACTION
- control field: 20110711111358.0
008 - FIXED-LENGTH DATA ELEMENTS
- fixed length control field: 110711|||a|||||| | ||| d
040 ## - CATALOGING SOURCE
- Original cataloging agency: dpl
- Transcribing agency: dpl
151 ## - HEADING--GEOGRAPHIC NAME
- Geographic name: South Asia
- General subdivision: Historiography.
670 ## - SOURCE DATA FOUND
- Source citation: Work cat.: (dpl): 29356 Brown, Judith M. 1944- (Judith Margaret), Windows into the past :, 2011
670 ## - SOURCE DATA FOUND
- Source citation: Work cat.: (dpl): 29356 Brown, Judith M. 1944- (Judith Margaret), Windows into the past :, 2011
